00395nam a2200133Ia 4500008004100000040001800041041000800059100002800067245002800095260007000123300001800193650002700211650002300238130821s xx gr spa  aCo-BoUCMbspa aspa1 aIcaza, Jorged1906-1978 aHuasipungocJorge Icaza a[Lugar desconocido]b[Editorial desconocida]c[fecha desconocida] a140 páginas04aLiteratura ecuatoriana04aNovela ecuatoriana